| 000 | 00354nam a2200145Ia 4500 | ||
|---|---|---|---|
| 008 | 230917s9999||||xx |||||||||||||| ||und|| | ||
| 040 |
_e227317 _aMAIN |
||
| 041 | _aEnglish | ||
| 082 | _a332.10954 A 59 S | ||
| 100 | _aAnju | ||
| 245 | 0 | _aStudy of job satisfaction of SBI and ICICI Bank employes. | |
| 260 | _c2013 | ||
| 300 | _a108 p. | ||
| 942 | _cTH | ||
| 999 |
_c126595 _d126595 |
||